[Event "Ch World (juniors) (under 20)"]
[Site "masterchessopen.com Zagan (Poland)"]
[Round "6"]
[White "Myc Marcin (POL)"]
[Black "Gassouma Mohamed (TUN)"]
[Result "1-0"]
[WhiteElo "2350"]
[BlackElo "2091"]

1.d4 Nf6 2.c4 e6 3.Nc3 Bb4 4.e3 c5 5.Ne2 d5 6.a3 Bxc3+ 7.Nxc3 cxd4 8.exd4 dxc4
9.Bxc4 Nc6 10.Be3 O-O 11.O-O b6 12.Qd3 Bb7 13.Rad1 h6 14.Ba2 Ne7 15.f3 Ned5
16.Bf2 Nf4 17.Qd2 N6h5 18.Bb1 Ba6 19.Rfe1 Qg5 20.Be3 f5 21.Kh1 Bb7 22.Qf2 Qf6
23.Bxf4 Nxf4 24.Qe3 g5 25.Ba2 Rae8 26.Kg1 Nd5 27.Qe5 Qd8 28.Nb5 Re7 29.Rc1 f4
30.Nd6 Ba6 31.Bxd5 {#r} 1-0

[Event "Ch Catalunia (team)"]
[Site "masterchessopen.com Catalunia (Spain)"]
[Round "4"]
[White "Hernando Rodrigo Jose Maria (ESP)"]
[Black "Narciso Dublan Marc (ESP)"]
[Result "0-1"]
[WhiteElo "2328"]
[BlackElo "2460"]

1.d4 Nf6 2.c4 e6 3.Nc3 Bb4 4.e3 c5 5.Ne2 b6 6.a3 Ba5 7.Rb1 Na6 8.Bd2 O-O 9.Nf4
Bb7 10.Bd3 cxd4 11.exd4 Bxc3 12.Bxc3 d5 13.cxd5 Nxd5 14.Nxd5 Qxd5 15.f3 Qg5
16.Qe2 Nc7 17.O-O Nd5 18.Be4 Nxc3 19.bxc3 Rab8 20.a4 Rfc8 21.f4 Qa5 22.f5 Ba6
23.Rb5 Qxa4 24.Bd3 Rxc3 25.Qe5 Rf8 26.fxe6 Rxd3 27.exf7+ Kh8 28.Rd5 Rd1 29.Re1
Qa1 30.Rd8 Rxe1+ 31.Kf2 Rxd8 32.Qe8+ {#R} 0-1

[Event "Ch Estonia (team)"]
[Site "masterchessopen.com Estonia"]
[Round "3"]
[White "Gavrikov Viktor (LTU)"]
[Black "Shishkov Andrei (EST)"]
[Result "1-0"]
[WhiteElo "2540"]
[BlackElo "2350"]

1.c4 e6 2.d4 Nf6 3.Nc3 Bb4 4.e3 c5 5.Ne2 cxd4 6.exd4 d5 7.c5 Ne4 8.Bd2 Nxd2
9.Qxd2 Qf6 10.a3 Ba5 11.f4 Bd8 12.g3 b6 13.Bg2 O-O 14.b4 bxc5 15.dxc5 Ba6
16.Rc1 Bc4 17.Ne4 dxe4 18.Rxc4 Nc6 19.Bxe4 Rc8 20.O-O Be7 21.Qc2 {#r} 1-0

[Event "Ch France (juniors)"]
[Site "masterchessopen.com France"]
[Round "9"]
[White "Benitah Yohan (FRA)"]
[Black "Roser Kevin (FRA)"]
[Result "0-1"]
[WhiteElo "2350"]
[BlackElo "2295"]

1.d4 Nf6 2.c4 e6 3.Nc3 Bb4 4.e3 c5 5.Ne2 cxd4 6.exd4 O-O 7.a3 Be7 8.d5 exd5
9.cxd5 Bc5 10.Na4 d6 11.b4 b5 12.Nac3 Bb6 13.h3 Re8 14.g3 a5 15.Bb2 axb4
16.axb4 Rxa1 17.Bxa1 Ne4 18.Nxe4 Rxe4 19.Bc3 Qe8 20.Bg2 Re7 21.Qd3 Bf5 22.Qd2
Nd7 23.Kf1 Ne5 24.Bxe5 Rxe5 25.Nc3 Qc8 26.Kg1 Qc4 27.Kh2 Qxb4 28.Ra1 Re8
29.Qe2 Bd7 30.Qf3 Bd4 31.Na2 Qb2 32.Rd1 Qxf2 33.Qxf2 Bxf2 34.Nc3 Bxg3+ {#R}
0-1

[Event "Ch Oberpfalz (M1)"]
[Site "masterchessopen.com Germany"]
[Round "1"]
[White "Giessmann Stephan (GER)"]
[Black "Bunk Wolfgang"]
[Result "1-0"]
[WhiteElo "2237"]
[BlackElo "1970"]

1.d4 Nf6 2.c4 e6 3.Nc3 Bb4 4.e3 c5 5.Ne2 cxd4 6.exd4 d5 7.a3 Be7 8.Nf4 O-O
9.cxd5 Nxd5 10.Ncxd5 exd5 11.Be2 Nc6 12.O-O Bf6 13.Be3 Qd6 14.g3 Bf5 15.Rc1
Rac8 16.Qa4 Bd7 17.Nh5 Bd8 18.Qd1 Bb6 19.Bg4 Bxg4 20.Qxg4 Qg6 21.Qf3 Nxd4
22.Bxd4 Rxc1 23.Bxg7 Rxf1+ 24.Kxf1 Rc8 25.Be5 Qb1+ 26.Kg2 Kf8 27.Bd6+ Ke8
28.Qxd5 Qg6 29.Qe5+ Kd7 30.Nf6+ Qxf6 31.Qxf6 Rc6 32.Qe7+ Kc8 {#r} 1-0

[Event "It (open)"]
[Site "masterchessopen.com Kona (USA)"]
[Round "4"]
[White "Brasket Curt J (USA)"]
[Black "Shaked Tal (USA)"]
[Result "0-1"]
[WhiteElo "2220"]
[BlackElo "2490"]

1.d4 Nf6 2.c4 e6 3.Nc3 Bb4 4.e3 c5 5.Ne2 b6 6.a3 Ba5 7.Bd2 O-O 8.Rb1 Na6 9.d5
d6 10.dxe6 fxe6 11.Ng3 Bb7 12.f3 Qe7 13.Be2 Rad8 14.Qc2 d5 15.O-O Bxc3 16.bxc3
Nb8 17.cxd5 exd5 18.Rfe1 Nc6 19.Bb5 Ne5 20.Bf1 Kh8 21.Kh1 Bc6 22.Bc1 Be8
23.Ra1 Bg6 24.Qd1 h5 25.Be2 h4 26.Nf1 h3 27.gxh3 Ne4 28.Kg2 Nxc3 29.Qd2 Nxe2
30.Qxe2 Nxf3 {#R} 0-1

[Event "Simultan"]
[Site "masterchessopen.com Koszalin (Poland)"]
[Round "0"]
[White "Schmidt Wlodzimierz (POL)"]
[Black "Kunicki Michal (POL)"]
[Result "1-0"]
[WhiteElo "2445"]
[BlackElo "2055"]

1.d4 e6 2.c4 Nf6 3.Nc3 Bb4 4.e3 c5 5.Ne2 b6 6.a3 Bxc3+ 7.Nxc3 Bb7 8.d5 exd5
9.cxd5 d6 10.Be2 Nbd7 11.O-O O-O 12.e4 Qe7 13.f3 h6 14.b3 Ne5 15.Bb2 Nfd7
16.Qd2 f5 17.exf5 Rxf5 18.f4 Nf7 19.Bg4 Rf6 20.Rae1 Qd8 21.Ne4 Ba6 22.Rf2 Nh8
23.Bxd7 Qxd7 {#r} 1-0

[Event "Cup Russia"]
[Site "masterchessopen.com Krasnoyarsk (Russia)"]
[Round "8"]
[White "Volkov Sergey Viktorovich (RUS)"]
[Black "Filippov Valerij (RUS)"]
[Result "1-0"]
[WhiteElo "2605"]
[BlackElo "2595"]

1.d4 Nf6 2.c4 e6 3.Nc3 Bb4 4.e3 c5 5.Ne2 cxd4 6.exd4 d5 7.a3 Bxc3+ 8.Nxc3 Nc6
9.c5 O-O 10.Bb5 e5 11.dxe5 Nxe5 12.Bf4 Nc4 13.O-O Nxb2 14.Qe2 d4 15.Nb1 a6
16.Bd6 axb5 17.Bxf8 Nc4 18.Bd6 Bf5 19.Qf3 Qd7 20.Qf4 Ne4 21.Rd1 Re8 22.h3 d3
23.f3 g5 24.Qc1 Nexd6 25.Qxg5+ Bg6 26.cxd6 Qxd6 27.Ra2 d2 28.Nxd2 Re2 29.Kh1
Ne3 30.Rg1 Rxd2 31.Rxd2 Qxd2 {#r} 1-0

[Event "Ch Poland (juniors) (under 16)"]
[Site "masterchessopen.com Krynica (Poland)"]
[Round "0"]
[White "Orzech Dominik (POL)"]
[Black "Jedynak Radoslaw (POL)"]
[Result "0-1"]
[WhiteElo "2428"]
[BlackElo "2220"]

1.d4 e6 2.c4 Nf6 3.Nc3 Bb4 4.e3 c5 5.Ne2 cxd4 6.exd4 d5 7.c5 O-O 8.a3 Bxc3+
9.Nxc3 Nc6 10.Bf4 Ne4 11.Nxe4 dxe4 12.Bd6 Re8 13.Qd2 Qf6 14.Rd1 e5 15.dxe5
Nxe5 16.Bxe5 Qxe5 17.Bb5 Rf8 18.Qd4 Qg5 19.Qxe4 Bg4 20.Qe3 Qxe3+ 21.fxe3 Bxd1
22.Kxd1 Rfd8+ 23.Ke2 Rd5 24.b4 Rad8 25.Rc1 Rd2+ 26.Kf3 Ra2 27.Rc3 Rdd2 {#R}
0-1

[Event "Ch Poland (juniors) (under 18)"]
[Site "masterchessopen.com Krynica (Poland)"]
[Round "0"]
[White "Rosenbeiger Alan (POL)"]
[Black "Strejczek Marek (POL)"]
[Result "1-0"]
[WhiteElo "2151"]
[BlackElo "2138"]

1.d4 Nf6 2.c4 e6 3.Nc3 Bb4 4.e3 c5 5.Ne2 cxd4 6.exd4 O-O 7.a3 Be7 8.Ng3 d5
9.c5 b6 10.b4 bxc5 11.bxc5 Bd7 12.Be2 Bc6 13.O-O Nfd7 14.f4 f5 15.Bb5 Nf6
16.Qa4 Qd7 17.Be3 Ne4 18.Nge2 h6 19.Rab1 g5 20.Rb2 g4 21.Rfb1 Rc8 22.Bxc6 Nxc6
23.Rb7 Rc7 24.Qa6 Rac8 25.Na2 Kf7 26.Nac1 Rxb7 27.Rxb7 Rc7 28.Rxc7 Qxc7 29.Nd3
Bd8 30.Qxc6 {#r} 1-0

[Event "Ch Poland"]
[Site "masterchessopen.com Ksiaz (Poland)"]
[Round "3"]
[White "Sosnicki Michal (POL)"]
[Black "Macieja Bartlomiej (POL)"]
[Result "0-1"]
[WhiteElo "2355"]
[BlackElo "2490"]

1.d4 Nf6 2.c4 e6 3.Nc3 Bb4 4.e3 c5 5.Ne2 cxd4 6.exd4 O-O 7.a3 Be7 8.d5 exd5
9.cxd5 Re8 10.g3 Bc5 11.Bg2 d6 12.h3 a6 13.O-O Nbd7 14.g4 Ne5 15.Bg5 h6 16.Bh4
Ng6 17.Bg3 h5 18.g5 h4 19.gxf6 hxg3 20.Nxg3 Qxf6 21.Nge4 Qh4 22.Qf3 Ne5 23.Qg3
Qxg3 24.Nxg3 f5 25.Rfe1 Bd7 26.Nh5 Nd3 27.Rxe8+ Bxe8 28.Bf3 Bxf2+ 29.Kf1 Ba7
30.Be2 Bxh5 31.Bxd3 Re8 32.Kg2 g6 {#R} 0-1

[Event "Ch Russia (club)"]
[Site "masterchessopen.com Maikop (Russia)"]
[Round "10"]
[White "Gutov Andrey (RUS)"]
[Black "Solozhenkin Evgeniy (RUS)"]
[Result "0-1"]
[WhiteElo "2406"]
[BlackElo "2535"]

1.d4 Nf6 2.c4 e6 3.Nc3 Bb4 4.e3 c5 5.Ne2 cxd4 6.exd4 d5 7.a3 Be7 8.Nf4 Nc6
9.cxd5 Nxd5 10.Nfxd5 exd5 11.Be3 O-O 12.Bd3 Be6 13.O-O Rc8 14.Rc1 Na5 15.Rc2
Qd7 16.Qh5 g6 17.Qf3 Nc4 18.Bh6 Rfe8 19.Re1 Bf8 20.Be3 a6 21.Ne2 Bg4 22.Qg3
Bf5 23.Nf4 Bxd3 24.Nxd3 Qf5 25.Rc3 Nxa3 26.Rxc8 Rxc8 27.Nc5 Nc2 28.Rc1 b6
29.Nb3 a5 30.Qe5 Nxe3 31.Rxc8 Qxc8 32.Qxe3 a4 33.Nc1 Qc2 {#R} 0-1

[Event "It (open)"]
[Site "masterchessopen.com Mar del Plata (Argentina)"]
[Round "3"]
[White "De Souza Mauro (BRA)"]
[Black "Arambel Sergio (ARG)"]
[Result "1-0"]
[WhiteElo "2405"]
[BlackElo "2292"]

1.d4 Nf6 2.c4 e6 3.Nc3 Bb4 4.e3 c5 5.Ne2 d5 6.a3 Bxc3+ 7.Nxc3 cxd4 8.exd4 dxc4
9.Bxc4 Nc6 10.Be3 O-O 11.O-O b6 12.Qf3 Bb7 13.Qh3 Ne7 14.Rad1 Nfd5 15.Bd3 Ng6
16.Ne4 Nxe3 17.fxe3 Qd5 18.Qg3 e5 19.Ng5 exd4 20.Be4 Qd7 21.Bf5 Qe7 22.exd4
Bd5 23.Rde1 Qf6 24.Qe3 Rae8 25.Qxe8 Qxg5 26.Qe2 Nf4 27.Qg4 Qxg4 28.Bxg4 Nxg2
29.Re5 Bb7 30.Re7 Bd5 31.Rf5 Ba8 32.Rfxf7 {#r} 1-0

[Event "It (cat.3)"]
[Site "masterchessopen.com Montecatini Terme (Italy)"]
[Round "2"]
[White "Efimov Igor (MNC)"]
[Black "Drei Andrea (ITA)"]
[Result "1-0"]
[WhiteElo "2530"]
[BlackElo "2340"]

1.d4 Nf6 2.c4 e6 3.Nc3 Bb4 4.e3 c5 5.Ne2 cxd4 6.exd4 O-O 7.a3 Be7 8.g3 d5 9.c5
Nc6 10.Bg2 e5 11.dxe5 Nxe5 12.Bf4 Ng6 13.Be3 Ng4 14.Bd4 Be6 15.O-O Qd7 16.b4
Rfd8 17.Qb3 N4e5 18.Rad1 Nc4 19.f4 Qc8 20.f5 Bxf5 21.Nxd5 b5 22.cxb6 axb6
23.Nxe7+ Nxe7 24.Bxa8 {#r} 1-0

[Event "It"]
[Site "masterchessopen.com Orel (Russia)"]
[Round "2"]
[White "Selensky Andrei (RUS)"]
[Black "Egin Vladimir (UZB)"]
[Result "0-1"]
[WhiteElo "2165"]
[BlackElo "2440"]

1.d4 Nf6 2.c4 e6 3.Nc3 Bb4 4.e3 c5 5.Ne2 cxd4 6.exd4 O-O 7.a3 Be7 8.Be3 d5
9.Nf4 dxc4 10.Bxc4 Nc6 11.O-O Bd6 12.d5 Ne5 13.Be2 exd5 14.Ncxd5 Neg4 15.Nxf6+
Qxf6 16.Nd5 Bxh2+ 17.Kh1 Qh4 18.Bxg4 Bxg4 19.Qxg4 Qxg4 20.Kxh2 Qh5+ {#R} 0-1

[Event "Ch Sweden"]
[Site "masterchessopen.com Ronneby (Sweden)"]
[Round "2"]
[White "Akesson Joel (SWE)"]
[Black "Hall Jesper (SWE)"]
[Result "0-1"]
[WhiteElo "2275"]
[BlackElo "2485"]

1.d4 Nf6 2.c4 e6 3.Nc3 Bb4 4.e3 c5 5.Ne2 cxd4 6.exd4 d5 7.a3 Be7 8.c5 b6 9.b4
O-O 10.g3 a5 11.Bb2 bxc5 12.bxc5 Ba6 13.Bg2 Nc6 14.O-O Rb8 15.Rb1 Bc4 16.Re1
Rb7 17.Ba1 Qa8 18.Na4 Nd7 19.Rxb7 Qxb7 20.Nb2 Ba6 21.Nd3 Rb8 22.Ndf4 Qb3
23.Qxb3 Rxb3 24.Nc3 Nxd4 25.Nfxd5 Bxc5 26.Ne4 Ne2+ 27.Kh1 exd5 28.Nxc5 Nxc5
29.Bxd5 Rxa3 30.Bd4 Rd3 31.Rb1 Nb3 {#R} 0-1

[Event "Ch Spain (team)"]
[Site "masterchessopen.com Salamanca (Spain)"]
[Round "4"]
[White "Corral Blanco Juan Antonio (ESP)"]
[Black "Garza Marco Sergio (ESP)"]
[Result "1-0"]
[WhiteElo "2440"]
[BlackElo "2255"]

1.d4 Nf6 2.c4 e6 3.Nc3 Bb4 4.e3 c5 5.Ne2 cxd4 6.exd4 O-O 7.a3 Be7 8.d5 exd5
9.cxd5 Bc5 10.Na4 Bb6 11.Nxb6 axb6 12.Nc3 d6 13.Be2 Nbd7 14.O-O Ne5 15.Qd4 Ng6
16.Bg5 Re8 17.Bb5 Re5 18.f4 Rxg5 19.fxg5 Ng4 20.Ne4 Ne7 21.h3 Ne5 22.Rae1 Nf5
23.Qc3 Nh4 24.Qb4 Bd7 25.Bxd7 Qxd7 26.Qxd6 {#r} 1-0

[Event "Cup Russia (final)"]
[Site "masterchessopen.com Samara (Russia)"]
[Round "3"]
[White "Volkov Sergey Viktorovich (RUS)"]
[Black "Yakovich Yuri (RUS)"]
[Result "0-1"]
[WhiteElo "2605"]
[BlackElo "2560"]

1.d4 Nf6 2.c4 e6 3.Nc3 Bb4 4.e3 c5 5.Ne2 cxd4 6.exd4 O-O 7.a3 Be7 8.d5 exd5
9.cxd5 Bc5 10.Nd4 d6 11.Be2 Nbd7 12.O-O Re8 13.Bg5 a6 14.b4 Ba7 15.h3 h6
16.Bh4 Nf8 17.Qd3 Ng6 18.Bg3 Ne5 19.Qd2 Bd7 20.Kh1 Rc8 21.Rac1 Nc4 22.Bxc4
Rxc4 23.Nb3 Bf5 24.Rfe1 Rxe1+ 25.Qxe1 Nh5 26.Na5 Nxg3+ 27.fxg3 Rc7 28.Ne2 Re7
29.Qd1 Qb6 30.Ng1 Qe3 31.g4 Be4 32.Nc4 Qg3 33.Qe2 Bxd5 34.Qf1 Rc7 {#R} 0-1

[Event "It (open)"]
[Site "masterchessopen.com Schaan (Liechtenstein)"]
[Round "1"]
[White "Maier Peter (AUT)"]
[Black "Ferk Martin (AUT)"]
[Result "1-0"]
[WhiteElo "2156"]
[BlackElo "1965"]

1.d4 Nf6 2.c4 e6 3.Nc3 Bb4 4.e3 c5 5.Ne2 Nc6 6.a3 Bxc3+ 7.Nxc3 cxd4 8.exd4 Qb6
9.d5 Ne7 10.Be3 Qxb2 11.Nb5 O-O 12.Bd4 {#r} 1-0

[Event "It (open) \"]
[Site "masterchessopen.com St. Cugat (Spain)"]
[Round "4"]
[White "Gual Pascual Antonio (ESP)"]
[Black "Hernando Rodrigo Jose Maria (ESP)"]
[Result "1-0"]
[WhiteElo "2420"]
[BlackElo "2328"]

1.d4 e6 2.c4 Nf6 3.Nc3 Bb4 4.e3 c5 5.Ne2 b6 6.a3 Ba5 7.Rb1 Na6 8.Ng3 Bb7 9.Bd3
Bxg2 10.Rg1 Bb7 11.d5 Bxc3+ 12.bxc3 Qc7 13.e4 O-O-O 14.Kf1 h5 15.h4 Ng4 16.Be2
f5 17.exf5 exd5 18.cxd5 Rhf8 19.Qa4 c4 20.Bxc4 Nb8 21.f3 Nh6 22.Bd3 Qxc3
23.Qd1 Rf7 24.Bxh6 Qxa3 25.Rc1+ Nc6 26.Bg5 a5 27.Be4 Kb8 28.dxc6 dxc6 29.Kg2
Qxc1 {#r} 1-0

[Event "Memorial M.Chigorin (open)"]
[Site "masterchessopen.com St. Petersburg (Russia)"]
[Round "2"]
[White "Gutov Andrey (RUS)"]
[Black "Tunik Gennady (RUS)"]
[Result "0-1"]
[WhiteElo "2406"]
[BlackElo "2480"]

1.d4 Nf6 2.c4 e6 3.Nc3 Bb4 4.e3 c5 5.Ne2 cxd4 6.exd4 O-O 7.a3 Be7 8.Nf4 d6
9.Be2 a6 10.Be3 Nbd7 11.b4 b6 12.O-O Bb7 13.Qb3 Re8 14.Rac1 Nf8 15.Na4 N6d7
16.Rfd1 Ng6 17.Nxg6 hxg6 18.Nc3 Bg5 19.f4 Bf6 20.d5 e5 21.Bf3 exf4 22.Bxf4 Be5
23.Bxe5 Nxe5 24.Ne2 a5 25.Nd4 axb4 26.axb4 Qg5 27.c5 bxc5 28.bxc5 dxc5 29.Rxc5
Bc8 30.Rc7 Bg4 31.d6 Rab8 32.Qd5 Kh7 33.Rc3 Rb1 34.Rd3 Nxd3 {#R} 0-1

[Event "It (open) (b)"]
[Site "masterchessopen.com Witley (England)"]
[Round "10"]
[White "Addison Bret (ENG)"]
[Black "Jones Richard (ENG)"]
[Result "1-0"]
[WhiteElo "2217"]
[BlackElo "2075"]

1.d4 Nf6 2.c4 e6 3.Nc3 Bb4 4.e3 c5 5.Ne2 d5 6.cxd5 Nxd5 7.a3 cxd4 8.axb4 dxc3
9.bxc3 O-O 10.e4 Nb6 11.Nd4 e5 12.Nb5 Qxd1+ 13.Kxd1 Rd8+ 14.Kc2 Na6 15.Be3 Bd7
16.Be2 Bxb5 17.Bxb5 Nc7 18.Be2 Ne6 19.g3 Nc8 20.Ra5 f6 21.Bc4 Kf7 22.Bd5 Rd7
23.Rha1 Ke7 24.Bxa7 Nxa7 25.Rxa7 Rxa7 26.Rxa7 Nd8 27.c4 Rd6 28.b5 g6 29.Kc3 f5
30.f3 fxe4 31.fxe4 Rd7 32.Kb4 {#r} 1-0

[Event "Extra League 1999/00"]
[Site "masterchessopen.com Czech Republic"]
[Round "1"]
[White "Shulman Yuri (USA)"]
[Black "Stocek Jiri (CZE)"]
[Result "0-1"]
[WhiteElo "2559"]
[BlackElo "2532"]

1.d4 Nf6 2.c4 e6 3.Nc3 Bb4 4.e3 c5 5.Ne2 cxd4 6.exd4 O-O 7.c5 Ne4 8.Qc2 d5
9.a3 Bxc3+ 10.Nxc3 Nc6 11.Be3 e5 12.Nxe4 Bf5 13.dxe5 Bxe4 14.Qa4 d4 15.Rd1 Qd5
16.Bxd4 Bc2 17.Qxc2 Nxd4 18.Qc4 Qxe5+ 19.Be2 Rad8 20.Kf1 Nxe2 21.Rxd8 Rxd8
22.Qxe2 Qd5 23.h4 Qd1+ 24.Qe1 Qc2 25.Rh3 Rd1 {#R} 0-1

[Event "It (open)"]
[Site "masterchessopen.com Frohnleiten (Austria)"]
[Round "1"]
[White "Haeusl Peter"]
[Black "Borek Jutta (AUT)"]
[Result "0-1"]
[WhiteElo "1770"]
[BlackElo "2122"]

1.d4 Nf6 2.c4 e6 3.Nc3 Bb4 4.e3 c5 5.Ne2 cxd4 6.exd4 d5 7.a3 Bxc3+ 8.Nxc3 O-O
9.Bg5 dxc4 10.Bxc4 Nbd7 11.Bb5 a6 12.Bxd7 Bxd7 13.Ne4 Qa5+ 14.b4 Qf5 15.Nxf6+
gxf6 16.Bh6 Rfd8 17.O-O Bc6 18.Rc1 Qg6 19.Rxc6 bxc6 {#R} 0-1

[Event "It (open)"]
[Site "masterchessopen.com Hamburg (Germany)"]
[Round "2"]
[White "Giorgadze Giorgi (GEO)"]
[Black "Hein Andreas (GER)"]
[Result "1-0"]
[WhiteElo "2602"]
[BlackElo "1764"]

1.d4 Nf6 2.c4 e6 3.Nc3 Bb4 4.e3 c5 5.Ne2 cxd4 6.exd4 d5 7.a3 Be7 8.Nf4 O-O
9.cxd5 Nxd5 10.Ncxd5 exd5 11.Bd3 Nc6 12.O-O Bf6 13.Be3 g6 14.Rc1 Qd6 15.Rc5
Be6 16.Nxe6 fxe6 17.Qg4 Rad8 18.Rfc1 Rf7 19.h4 e5 20.h5 e4 21.hxg6 hxg6 22.Bb1
Ne7 23.Ba2 Kh8 24.Rc7 Rh7 25.g3 Kg7 26.R1c3 Qa6 27.Rxe7+ Bxe7 28.Rc7 Kh8
29.Rxe7 Rxe7 30.Qh4+ {#r} 1-0

[Event "Ch Poland (team) (2nd liga) North"]
[Site "masterchessopen.com Lublin (Poland)"]
[Round "1"]
[White "Myc Marcin (POL)"]
[Black "Tyszkiewicz Zbigniew (POL)"]
[Result "0-1"]
[WhiteElo "2296"]
[BlackElo "2163"]

1.d4 Nf6 2.c4 e6 3.Nc3 Bb4 4.e3 c5 5.Ne2 d6 6.a3 Ba5 7.Ng3 Nc6 8.d5 Bxc3+
9.bxc3 Na5 10.e4 b6 11.Bd3 Qe7 12.O-O Ba6 13.f4 O-O-O 14.e5 Ne8 15.Qe2 g6
16.Ne4 exd5 17.cxd5 c4 18.exd6 Qb7 19.Bc2 Qxd5 20.Rd1 Qc6 21.f5 Nxd6 22.Bg5
Rd7 23.Nxd6+ Rxd6 24.Rxd6 Qxd6 25.Rd1 Qc5+ 26.Kh1 Bb5 27.Qg4 Kb7 28.fxg6 hxg6
29.Be4+ Ka6 30.Qf3 Qxg5 {#R} 0-1

[Event "It \"]
[Site "masterchessopen.com Lvov (Ukraine)"]
[Round "0"]
[White "Charnushevich Alexei (FRA)"]
[Black "Bodnar Nikolay (UKR)"]
[Result "1-0"]
[WhiteElo "2413"]
[BlackElo "2345"]

1.d4 Nf6 2.c4 e6 3.Nc3 Bb4 4.e3 c5 5.Ne2 cxd4 6.exd4 d5 7.a3 Be7 8.Nf4 O-O
9.cxd5 Nxd5 10.Ncxd5 exd5 11.Bd3 Nc6 12.Be3 Bf6 13.O-O g6 14.Rc1 Nxd4 15.Bxd4
Bxd4 16.Bxg6 Bxb2 17.Bxh7+ Kxh7 18.Qc2+ Kg8 19.Qxb2 Qg5 20.Qd4 Rd8 21.Rc3 Kf8
22.Rg3 Qh6 23.Ng6+ Ke8 24.Qf6 {#r} 1-0

[Event "It (open)"]
[Site "masterchessopen.com Mondariz (Spain)"]
[Round "7"]
[White "Cruz-Lopez Claret Carlos (ESP)"]
[Black "Cebrian Ramos Jose Luis (ESP)"]
[Result "1-0"]
[WhiteElo "2301"]
[BlackElo "2149"]

1.d4 Nf6 2.c4 e6 3.Nc3 Bb4 4.e3 c5 5.Ne2 Ne4 6.f3 Bxc3+ 7.bxc3 Nf6 8.e4 d6
9.Ng3 O-O 10.Be3 b6 11.Bd3 Nc6 12.O-O e5 13.d5 Na5 14.h3 Ba6 15.Qe2 Nd7 16.Nf5
Qc7 17.Rf2 f6 18.g4 h6 19.h4 Kf7 20.f4 Rh8 21.g5 hxg5 22.fxg5 Rag8 23.h5 Ke8
24.g6 Kd8 25.Rg2 Nb8 26.h6 gxh6 27.Nxh6 Rg7 28.Rf1 Rf8 29.Nf5 Rgg8 30.g7 Rf7
31.Qh5 Qd7 32.Qh7 Qe8 33.Nxd6 {#r} 1-0

[Event "NRW-liga 1999/00"]
[Site "masterchessopen.com NRW (Germany)"]
[Round "1"]
[White "Lemanczyk Thomas (GER)"]
[Black "Fridman Daniel (GER)"]
[Result "0-1"]
[WhiteElo "2237"]
[BlackElo "2526"]

1.d4 Nf6 2.c4 e6 3.Nc3 Bb4 4.e3 c5 5.Ne2 cxd4 6.exd4 O-O 7.a3 Be7 8.d5 exd5
9.cxd5 Bc5 10.Nd4 d6 11.Be2 Re8 12.O-O Nbd7 13.Be3 a6 14.Rc1 Ne5 15.h3 Bd7
16.Nc2 Rc8 17.b4 Bb6 18.Bxb6 Qxb6 19.Qd4 Qxd4 20.Nxd4 Nc4 21.Bxc4 Rxc4 22.Rfd1
Rec8 23.Nde2 Kf8 24.f3 Ke7 25.Rd4 Rxd4 26.Nxd4 Kd8 27.Rc2 Rc4 28.Nce2 Rxc2
29.Nxc2 Nxd5 {#R} 0-1

[Event "It (open)"]
[Site "masterchessopen.com Paris (France)"]
[Round "4"]
[White "Neiman Emmanuel (FRA)"]
[Black "Amigues Emmanuel (FRA)"]
[Result "1-0"]
[WhiteElo "2353"]
[BlackElo "2177"]

1.d4 Nf6 2.c4 e6 3.Nc3 Bb4 4.e3 c5 5.Ne2 cxd4 6.exd4 O-O 7.a3 Be7 8.d5 exd5
9.cxd5 Bc5 10.Na4 Bb6 11.Nxb6 Qxb6 12.Nc3 d6 13.Be2 Bf5 14.O-O Nbd7 15.Nb5 Qc5
16.Be3 Qxd5 17.Bxa7 Qxd1 18.Rfxd1 d5 19.Rac1 Rfc8 20.Bd4 Bc2 21.Re1 Ne4 22.Bg4
{#r} 1-0

[Event "Ch Poland (team) (2nd liga)"]
[Site "masterchessopen.com Polanica Zdroj (Poland)"]
[Round "8"]
[White "Kowzan Piotr (POL)"]
[Black "Kasperek Ryszard (POL)"]
[Result "0-1"]
[WhiteElo "2110"]
[BlackElo "2333"]

1.d4 Nf6 2.c4 e6 3.Nc3 Bb4 4.e3 c5 5.Ne2 b6 6.a3 Ba5 7.Rb1 Na6 8.Qc2 Bb7 9.Bd2
O-O 10.Ng3 cxd4 11.exd4 Bxc3 12.Bxc3 Nc7 13.Bd3 Bc6 14.Qd1 d5 15.c5 Nb5
16.Bxb5 Bxb5 17.a4 Ba6 18.b4 Bc4 19.f3 Qc7 20.Kf2 Nd7 {#R} 0-1

[Event "It (open)"]
[Site "masterchessopen.com Port Erin (England)"]
[Round "4"]
[White "Rowson Jonathan (SCO)"]
[Black "Mcleod Fraser (SCO)"]
[Result "1-0"]
[WhiteElo "2490"]
[BlackElo "2083"]

1.d4 Nf6 2.c4 e6 3.Nc3 Bb4 4.e3 c5 5.Ne2 cxd4 6.exd4 d5 7.c5 Ne4 8.Bd2 Nxd2
9.Qxd2 O-O 10.a3 Bxc3 11.Nxc3 Nc6 12.Be2 Qh4 13.Rd1 f6 14.g3 Qh3 15.Bf1 Qg4
16.Bg2 Kh8 17.Nb5 Rb8 18.h3 Qh5 19.O-O b6 20.Nd6 bxc5 21.dxc5 Ba6 22.Rfe1 Ne5
23.b4 Nf3+ 24.Bxf3 Qxf3 25.Qe3 Qh5 26.Qxe6 Bc4 27.c6 f5 28.c7 {#r} 1-0

[Event "It (open)"]
[Site "masterchessopen.com Port of Spain (Trinidad & Tobago)"]
[Round "5"]
[White "Warner Delisle (BAR)"]
[Black "Conquest Stuart (ENG)"]
[Result "0-1"]
[WhiteElo "2188"]
[BlackElo "2555"]

1.d4 Nf6 2.c4 e6 3.Nc3 Bb4 4.e3 c5 5.Ne2 b6 6.a3 Ba5 7.Rb1 Na6 8.Qa4 Qe7 9.f3
Bb7 10.Kf2 O-O 11.dxc5 Bc6 12.Nb5 Nc7 13.Qd1 bxc5 14.Qd6 Qxd6 15.Nxd6 Rab8
16.e4 Ba4 17.Nf4 Bc3 18.Be3 Bc2 19.Rc1 Rxb2 20.Ne2 Be5 21.Bxc5 Na6 22.Bd4
Bxd4+ 23.Nxd4 Bxe4+ 24.Kg3 Bg6 25.N6b5 e5 26.Ne2 Nc5 27.Nxa7 Nd3 28.Rc3 d5
29.Nc6 Re8 30.cxd5 Nxd5 31.Rc4 Ne3 32.Ne7+ Kf8 33.Nxg6+ hxg6 {#R} 0-1

[Event "It (cat.8) (b)"]
[Site "masterchessopen.com Santa Clara (Cuba)"]
[Round "8"]
[White "Oms Pallise Josep (AND)"]
[Black "Del Rio Angelis Salvador G (ESP)"]
[Result "0-1"]
[WhiteElo "2412"]
[BlackElo "2471"]

1.d4 Nf6 2.c4 e6 3.Nc3 Bb4 4.e3 c5 5.Ne2 b6 6.a3 Ba5 7.Rb1 Na6 8.f3 O-O 9.d5
exd5 10.cxd5 b5 11.e4 Re8 12.Ng3 b4 13.axb4 cxb4 14.Nb5 b3+ 15.Kf2 Bb6+ 16.Be3
Bxe3+ 17.Kxe3 Nb4 18.Bc4 Qb6+ 19.Ke2 Ba6 20.Qxb3 Nfxd5 {#R} 0-1

[Event "It (open)"]
[Site "masterchessopen.com Schwarzach (Austria)"]
[Round "7"]
[White "Brumen Dinko (CRO)"]
[Black "Kranz Armin (AUT)"]
[Result "1-0"]
[WhiteElo "2360"]
[BlackElo "2202"]

1.d4 Nf6 2.c4 e6 3.Nc3 Bb4 4.e3 c5 5.Ne2 cxd4 6.exd4 O-O 7.a3 Be7 8.d5 exd5
9.cxd5 Re8 10.g3 Bc5 11.Bg2 d6 12.h3 Bf5 13.O-O Nbd7 14.Nf4 a6 15.g4 Be4
16.Ne6 fxe6 17.Nxe4 Nxe4 18.Bxe4 Qh4 19.dxe6 Qg3+ 20.Bg2 Ne5 21.b4 Bd4 22.Be3
Bxe3 23.fxe3 Rxe6 24.Qd5 Re8 25.Rac1 h5 26.gxh5 Qxe3+ 27.Kh2 Nd3 28.Rc7 Ne1
29.Rff7 Qh6 30.Qxb7 Kh8 31.Rxg7 Qf4+ 32.Kh1 {#r} 1-0